Subdivisions of Dominica - Statistics

General Stats
  • This quiz has been taken 11 times
  • The average score is 4 of 10
Answer Stats
Answer % Correct
Saint John
75%
Saint Andrew
50%
Saint David
50%
Saint Patrick
50%
Saint Paul
50%
Saint Peter
50%
Saint George
25%
Saint Joseph
25%
Saint Luke
25%
Saint Mark
25%
No matching quizzes found
Score Distribution
Percent of People with Each Score
Percentile by Number Answered
Your Score History
You have not taken this quiz